Enantioselektívna separácia aminokyselín metódou vysokoúčinnej kvapalinovej chromatografie so sacharidovými chirálnymi stacionárnymi fázami

Enregistré dans:
Détails bibliographiques
Auteur principal: Orovčíková, Dominika (Auteur)
Autres auteurs: Hroboňová, Katarína (Directeur de thèse)
Format: Manuscrit Livre
Langue:slovaque
Publié: 2016
Sujets:
Accès en ligne:http://is.stuba.sk/zp/portal_zp.pl?podrobnosti=131826
Tags: Ajouter un tag
Pas de tags, Soyez le premier à ajouter un tag!

MARC

LEADER 00000ntm a22000003a 4500
001 stuzp53059
003 SK-STU
005 20160719154351.3
007 ta
008 150427s2015----xo-----f-mn---000-0-slo-d
040 |a STU  |b slo 
041 0 |a slo 
100 1 |a Orovčíková, Dominika  |u 041180  |4 aut  |U FCHPT Ústav analytickej chémie  |T FCHPT Oddelenie analytickej chémie  |X 58207  |U C1180  |Y 108  |7 58207 
242 0 1 |a Enantioseparation of amino acids by high performance liquid chromatography with saccharide-based chiral stationary phases  |y eng 
245 1 0 |a Enantioselektívna separácia aminokyselín metódou vysokoúčinnej kvapalinovej chromatografie so sacharidovými chirálnymi stacionárnymi fázami 
260 |c 2016 
650 4 |a separácia enantiomérov  |2 slo 
650 4 |a cyklofruktánové chirálne selektory  |2 slo 
650 4 |a aminokyseliny  |2 slo 
650 4 |a HPLC  |2 slo 
650 4 |a HPLC  |2 eng 
650 4 |a enantioseparation  |2 eng 
650 4 |a amino acids  |2 eng 
650 4 |a chiral selectors based on cyclofructans  |2 eng 
700 1 |a Hroboňová, Katarína  |u 041000  |k Z1  |4 ths  |U FCHPT Fakulta chemickej a potravinárskej technológie  |T FCHPT Ústav analytickej chémie  |X 3931  |U C1000  |Y 99  |7 A000003931 
856 4 |u http://is.stuba.sk/zp/portal_zp.pl?podrobnosti=131826 
SQL |a stuzp53059  |b DDP  |c SLO  |d Enantioselektívna separácia aminokyselín metódou vysokoúčinnej kvapalinovej chromatografie so sacharidovými chirálnymi stacionárnymi fázami  |e 58207  |f Orovčíková, Dominika  |g 041180  |h 3931  |i Hroboňová, Katarína  |j 20160606  |k 1400  |l 04  |m http://is.stuba.sk/zp/portal_zp.pl?podrobnosti=131826  |n I-TCHEM  |o 4.1.14. chémia, 5.2.18. chemické technológie